Giáo trình lịch sử ngữ âm tiếng Việt : Sơ thảo
Sách trình bày khái lược về vấn đề nguồn gốc tiếng Việt, các nguồn cứ liệu dùng để nghiên cứu lịch sử ngữ âm tiếng Việt.
Đã lưu trong:
| 主要作者: | |
|---|---|
| 格式: | 圖書 |
| 語言: | Undetermined |
| 出版: |
Hà Nội
Giáo Dục
1997
|
| 主題: | |
| 標簽: |
添加標簽
沒有標簽, 成為第一個標記此記錄!
|
| Thư viện lưu trữ: | Trung tâm Học liệu Trường Đại học Cần Thơ |
|---|
| LEADER | 00932nam a2200265Ia 4500 | ||
|---|---|---|---|
| 001 | CTU_22490 | ||
| 008 | 210402s9999 xx 000 0 und d | ||
| 020 | |b 14.300đ | ||
| 020 | |c 14300 | ||
| 082 | |a 495.9227 | ||
| 082 | |b C121 | ||
| 100 | |a Nguyễn, Tài Cẩn | ||
| 245 | 0 | |a Giáo trình lịch sử ngữ âm tiếng Việt : | |
| 245 | 0 | |b Sơ thảo | |
| 245 | 0 | |c Nguyễn Tài Cẩn | |
| 260 | |a Hà Nội | ||
| 260 | |b Giáo Dục | ||
| 260 | |c 1997 | ||
| 520 | |a Sách trình bày khái lược về vấn đề nguồn gốc tiếng Việt, các nguồn cứ liệu dùng để nghiên cứu lịch sử ngữ âm tiếng Việt. | ||
| 526 | |a Ngữ âm học tiếng Việt | ||
| 526 | |b SG294 | ||
| 650 | |a Vietnamese language | ||
| 650 | |x Phonology | ||
| 904 | |i Minh | ||
| 980 | |a Trung tâm Học liệu Trường Đại học Cần Thơ | ||